书目信息 |
| 题名: |
中国民歌新唱
|
|
| 作者: | 周水泉 编 | |
| 分册: | ||
| 出版信息: | 上海 上海音乐出版社 2001 |
|
| 页数: | 333页 | |
| 开本: | 26cm | |
| 丛书名: | ||
| 单 册: | ||
| 中图分类: | J642.2 | |
| 科图分类: | ||
| 主题词: | 音乐--作品--中国 , 民歌--作品集--中国 | |
| 电子资源: | ||
| ISBN: | 7-80553-952-9 | |
| 000 | 00579nam0 2200205 45 | |
| 001 | 0302241020 | |
| 005 | 20031219104104.3 | |
| 010 | @a7-80553-952-9@dCNY35.00 | |
| 100 | @a20030224d2001 km y0chiy0120 ea | |
| 101 | 0 | @achi |
| 105 | @ag z 000yy | |
| 200 | 1 | @a中国民歌新唱@AZhong Guo Min Ge Xin Chang@f周水泉编@FZhou Shui Quan Bian |
| 210 | @a上海@c上海音乐出版社@d2001 | |
| 215 | @a333页@d26cm | |
| 606 | 0 | @a音乐@x作品@x中国 |
| 606 | 0 | @a民歌@x作品集@y中国 |
| 690 | @aJ642.2@v4 | |
| 701 | 0 | @a周水泉@4编 |
| 801 | @aCN@bTSTC@c20030224 | |
| 905 | @b319938-940@dJ642.2@e153@f3 | |
| 中国民歌新唱/周水泉编.-上海:上海音乐出版社,2001 |
| 333页;26cm |
| ISBN 7-80553-952-9:CNY35.00 |
| ● |
| 相关链接 |
|
|
|
|
正题名:中国民歌新唱
索取号:J642.2/153
 
预约/预借
| 序号 | 登录号 | 条形码 | 馆藏地/架位号 | 状态 | 备注 |
| 1 | 0319938 | 203199387 | 第一借阅区/ [索取号:J642.2/153] | 在馆 | |
| 2 | 0319939 | 203199396 | 第一借阅区/ [索取号:J642.2/153] | 在馆 | |
| 3 | 0319940 | 203199403 | 第一借阅区/ [索取号:J642.2/153] | 在馆 |